|
|
|
|
| LEADER |
00000nam0a2200000 4500 |
| 001 |
94330 |
| 005 |
20231101213937.0 |
| 035 |
|
|
|a (RuTPU)RU\TPU\book\101039
|
| 090 |
|
|
|a 94330
|
| 100 |
|
|
|a 20060410d1976 m y0rusy5003 ca
|
| 101 |
0 |
|
|a rus
|
| 102 |
|
|
|a RU
|
| 105 |
|
|
|a a j 000zy
|
| 200 |
1 |
|
|a Сварка трубопроводов и конструкций
|e учебник для вузов
|f В. Л. Березин, А. Ф. Суворов
|
| 210 |
|
|
|a Москва
|c Недра
|d 1976
|
| 215 |
|
|
|a 359 с.
|c ил.
|d 22 см
|
| 606 |
1 |
|
|a Нефтепроводы магистральные
|x Сварка
|x Техника безопасности
|2 stltpush
|3 (RuTPU)RU\TPU\subj\45754
|9 64945
|
| 610 |
1 |
|
|a магистральные газонефтепроводы
|
| 610 |
1 |
|
|a учебники
|
| 610 |
1 |
|
|a трубопроводы
|
| 610 |
1 |
|
|a конструкции
|
| 610 |
1 |
|
|a магистральные трубопроводы
|
| 675 |
|
|
|a 622.692.4.07(075.8)
|z rus
|v 4
|
| 700 |
|
1 |
|a Березин
|b В. Л.
|g Всеволод Леонидович
|
| 701 |
|
1 |
|a Суворов
|b А. Ф.
|g Анатолий Федорович
|
| 801 |
|
0 |
|a RU
|b RuMRKP
|c 19950704
|g psbo
|
| 801 |
|
1 |
|a RU
|b 63413507
|c 20060410
|g PSBO
|
| 801 |
|
2 |
|a RU
|b 63413507
|c 20180119
|g PSBO
|
| 942 |
|
|
|c BK
|